000
00314nam a2200109Ia 4500
008
171211s9999 xx 000 0 und d
245
_a
Check, Please!: Dating, Mating, and Extricating
245
_c
Janice Dickinson
260
_c
2007
650
_x
TRAVEL
856
_u
http://down.ebook777.com/016/9780060834333.pdf
999
_c
347717
_d
347717